000 00516nam a2200181Ia 4500
001 67760
008 150618s9999 xx 000 0 und d
020 _a9780470718704
040 _cPK-LaUMT
082 _a 658.4058
_bHUM-
100 _aMorgan, Stephanie J.
245 4 _aThe human side of outsourcing
_bpsychological theory and management practice
_cMorgan, Stephanie J.
260 _aWest Sussex,USA:
_bJohn Wiley & Sons,
_c2009
300 _a295 p.
546 _aEN
650 _aContracting out
942 _cBK
999 _c73228
_d73228